000 00993nam a22003137a 4500
001 BR2018001344
003 BR-BrBNA
005 20230928105302.0
007 ta
008 230509b bl.||||| |||| 00| 0 por d
040 _aBR-BrBNA
_bpor
_cBiblioteca Nacional de Agricultura
041 _a(Por)
072 _aL02
_b6100
090 _ 6100 BR2018001344
100 1 _aBarbosa, L.V.S.
110 1 _aUniversidade Federal de Minas Gerais, Belo Horizonte (Brasil). Escola de Veterinária
_0Tese (Mestre em Zootecnia)
245 1 _aA influência da parcela e das dispersão dos dados de desempenho de frangos de corte
260 3 _aBelo Horizonte, MG (Brasil):
_c2016.
300 _a69 p.
500 _aSummaries (Eng, Por); Several bibliography; 34 tables; 5 illus.
650 _aFRANGO DE CORTE
650 _aRAÇÃO
650 _aPESO
650 _aCONVERSÃO ALIMENTAR
650 _aRENDIMENTO
650 _aCARCAÇA
909 _a202309
_bLucia
_c55
_dLucia Elande
942 _cBK
999 _c84475
_d84475